000
00266nam a22001337a 4500
008
210429b ||||| |||| 00| 0 eng d
041
_a
eng
080
_a
72
082
_a
72
100
_a
41
101
_a
ARK
245
_a
Architect
_c
Rajnis,M
942
_2
udc
_c
BK
999
_c
56999
_d
56999